000 00391nam a2200157Ia 4500
008 230917s9999||||xx |||||||||||||| ||und||
040 _e45968
_aMAIN
041 _aEnglish
082 _a821.6 S44R:S
100 _aRogers, Neville
245 0 _aShelley at work: A critical inquiry
250 _a2nd ed.
260 _aOxford
_bClarendon Press
_c1967
300 _axiii, 357 p.
942 _cBK
999 _c78895
_d78895